Michael Jackson - Thriller Quiz - Statistics

General Stats
  • This quiz has been taken 134 times
  • The average score is 9 of 10
Answer Stats
Question Answer % Correct
1st Single: The ____ Is Mine Girl
97%
Year of release 1982
95%
7th Single: Terrifying movie Thriller
95%
6th Single: P.Y.T. (______ _____ _____) Pretty Young Thing
93%
4th Single: Wanna Be _______' Something Startin
91%
5th Single: Human ______ Nature
90%
Singer who he collaborated with in the above song Paul McCartney
90%
Producer Quincy Jones
85%
2nd Single: A girls name Billie Jean
83%
3rd Single: Don't you let him repeat Beat It
73%
No matching quizzes found
Score Distribution
Percent of People with Each Score
Percentile by Number Answered
Your Score History
You have not taken this quiz